000 00253nam a22000977a 4500
008 240219b |||||||| |||| 00| 0 eng d
082 _a595.7 M68i Ej.1
100 1 0 _aMound, Laurence
_eautor
_943438
245 _aLos insectos /
_cLaurence Mound
942 _2ddc
999 _c30611
_d16995